Кровавый алтарь: перевод

Dades bibliogràfiques
Autor principal: Пинкертон Н. Нат
Altres autors: Ассиновская О. (составитель), Птицына И. (иллюстратор)
Sumari:Исключено из фонда НТБ ТПУ
Idioma:rus
Publicat: Ленинград, Ленинградинтех, 1990
Col·lecció:Антология детектива
Необыкновенные приключения знаменитого международного сыщика Нат Пинкертона Вып. 4
Format: MixedMaterials Llibre
KOHA link:https://koha.lib.tpu.ru/cgi-bin/koha/opac-detail.pl?biblionumber=162395

MARC

LEADER 00000nam0a2200000 4500
001 162395
005 20231031160344.0
035 |a (RuTPU)RU\TPU\book\176121 
035 |a RU\TPU\book\176120 
090 |a 162395 
100 |a 20090622d1990 m y0rusy50 ca 
101 1 |a rus  |c eng 
102 |a RU 
105 |a a z 000ay 
200 1 |a Кровавый алтарь  |e перевод  |f Н. Пинкертон  |g сост. О. Ассиновская ; худож. И. Птицына 
210 |a Ленинград  |c Ленинградинтех  |d 1990 
215 |a 23 с.  |c ил. 
225 1 |a Антология детектива 
225 1 |a Необыкновенные приключения знаменитого международного сыщика Нат Пинкертона  |v Вып. 4 
333 |a Исключено из фонда НТБ ТПУ 
700 1 |a Пинкертон  |b Н.  |g Нат 
702 1 |a Ассиновская  |b О.  |4 220 
702 1 |a Птицына  |b И.  |4 440 
801 1 |a RU  |b 63413507  |c 20090622  |g PSBO 
801 2 |a RU  |b 63413507  |c 20220602  |g PSBO 
942 |c BK